| 000 | 00655 a2200205 4500 | ||
|---|---|---|---|
| 003 | OSt | ||
| 005 | 20180116182903.0 | ||
| 008 | 160506b xxu||||| |||| 00| 0 eng d | ||
| 020 | _a8186104453 (unknown binding) | ||
| 020 | _a9788186104453 (unknown binding) | ||
| 040 | _c0 | ||
| 100 | _aDale,Banie. | ||
| 245 | 0 | 0 |
_aHuman resources and total quality ; an executives' handbook. _cDale,Banie. |
| 260 |
_a[S.l.] : _bBeacon Books, _c1997. |
||
| 300 | _a1 v. (unpaged) | ||
| 600 | _aDale,Banie. | ||
| 700 | _aDale,Banie. | ||
| 856 | 4 | 0 |
_3Amazon.com _uhttp://www.amazon.com/exec/obidos/ASIN/8186104453/chopaconline-20 |
| 942 |
_aNBS _cBK _k658.4013 DAL _2ddc |
||
| 999 |
_c347841 _d347841 |
||